Living marine resources and their sustainable development : some environmental and institutional perspectives
Αποθηκεύτηκε σε:
| Κύριος συγγραφέας: | |
|---|---|
| Άλλοι συγγραφείς: | |
| Μορφή: | Βιβλίο |
| Γλώσσα: | English |
| Δημοσίευση: |
Rome :
Food and Agriculture Organization of the United Nations,
1995
|
| Σειρά: | FAO Fisheries technical paper ;
; 353 |
| Θέματα: | |
| Ετικέτες: |
Προσθήκη ετικέτας
Δεν υπάρχουν, Καταχωρήστε ετικέτα πρώτοι!
|
MARC
| LEADER | 00000cam a2200000 i 4500 | ||
|---|---|---|---|
| 001 | 1/2775 | ||
| 008 | 000514s1995 i eng d | ||
| 020 | |a 9251037639 | ||
| 035 | |l 10060562 | ||
| 040 | |a GR-MY-UA |b gre |e aacr | ||
| 041 | 0 | |a eng | |
| 082 | 0 | |a 333.952 | |
| 100 | 1 | |a Caddy, J. F. | |
| 245 | 1 | 0 | |a Living marine resources and their sustainable development : |b some environmental and institutional perspectives / |c J.F. Caddy, R.C. Griffiths |
| 260 | |a Rome : |b Food and Agriculture Organization of the United Nations, |c 1995 | ||
| 300 | |a vii, 167 p.; |b ill., maps; |c 30 cm. | ||
| 490 | 1 | |a FAO Fisheries technical paper |v ; 353 | |
| 500 | |a "M-43"--T.p. verso | ||
| 504 | |a Includes bibliographical references (p. 91-117) | ||
| 650 | 0 | 0 | |a Marine resources conservation. |
| 650 | 0 | 0 | |a Marine resources development. |
| 700 | 1 | |a Griffiths, Raymond C. | |
| 830 | 0 | |a FAO Fisheries technical paper ; |v ; 353 | |
| 852 | |a INST |b LESVOS |e 20000514 |h 333.952 CAD |p 005100021246 |q 005100021246 |t BK |y 0 | ||
| 901 | |a BIBL1-2000-2 | ||
| 909 | |a Λ |b 072770 | ||
| 922 | |a 1ΕΛΗ |b 199912 |c ΚΠΣ/ΕΥΣΤΑΘΙΟΥ |d ΠΑΠΑΣΩΤΗΡΙΟΥ | ||
| 950 | |a 166-1999-10-11 | ||
| 970 | |z 2000/05/ΜΙΧΑΗΛΙΔΟΥ ΑΝΝΑ | ||